La Memoria de la ciudad, Barquisimeto y sus alrededores, 1800-1860 / (Record no. 9762)

MARC details
000 -LEADER
campo de control de longitud fija 00843nam a2200229 i 4500
001 - NÚMERO DE CONTROL
campo de control 9762
003 - IDENTIFICADOR DE NÚMERO DE CONTROL
campo de control ES-MaACL
005 - FECHA Y HORA DE LA ÚLTIMA TRANSACCIÓN
campo de control 20250811103050.0
007 - CAMPO FIJO DE DESCRIPCIÓN FÍSICA--INFORMACIÓN GENERAL
campo de control de longitud fija t|
008 - DATOS DE LONGITUD FIJA--INFORMACIÓN GENERAL
campo de control de longitud fija 940105s1989 ve ||||1| spa d
080 ## - NÚMERO DE LA CLASIFICACIÓN DECIMAL UNIVERSAL
Número de la Clasificación Decimal Universal 9(87 Barquisimeto)
100 1# - ENTRADA PRINCIPAL--NOMBRE DE PERSONA
Nombre de persona López Pérez, María Victoria.
9 (RLIN) 73888
245 13 - MENCIÓN DEL TÍTULO
Título La Memoria de la ciudad, Barquisimeto y sus alrededores, 1800-1860 /
Mención de responsabilidad, etc. María Victoria López Pérez.
260 ## - PUBLICACIÓN, DISTRIBUCIÓN, ETC.
Lugar de publicación, distribución, etc. Barquisimeto, Lara :
Nombre del editor, distribuidor, etc. Ateneo Ciudad de Barquisimeto,
Fecha de publicación, distribución, etc. 1989.
300 ## - DESCRIPCIÓN FÍSICA
Extensión 55 p. ;
Dimensiones 22 cm.
490 1# - MENCIÓN DE SERIE
Mención de serie Fichero Histórico del Ateneo ;
Designación de volumen o secuencia Cuaderno n. 1
651 #4 - PUNTO DE ACCESO ADICIONAL DE MATERIA--NOMBRE GEOGRÁFICO
Nombre geográfico Barquisimeto (Venezuela)-
Subdivisión general Historia.
9 (RLIN) 7871
710 2# - ENTRADA AGREGADA--NOMBRE DE ENTIDAD CORPORATIVA
Nombre de entidad corporativa o nombre de jurisdicción como elemento de entrada Ateneo Ciudad de Barquisimeto (Venezuela)
9 (RLIN) 1854
830 00 - PUNTO DE ACCESO ADICIONAL DE SERIE-TÍTULO UNIFORME
Título uniforme Fichero histórico del Ateneo
Designación de volumen o secuencia Cuaderno n. 1
9 (RLIN) 228064
852 ## - LOCALIZACIÓN
Ubicación ES-MaACL
Número de control de estantería 2148-F-19
Sublocalización o colección R.127978
Holdings
Estatus retirado Estado de pérdida Estado de daño No para préstamo Colección Biblioteca de origen Biblioteca actual Ubicación en estantería Fecha de adquisición Fuente de adquisición Total de préstamos Signatura topográfica completa Código de barras Visto por última vez Precio de reemplazo Tipo de ítem Koha
        Colección de folletos Biblioteca del Ateneo de Madrid Biblioteca del Ateneo de Madrid Depósito folletos 17/01/2008     2148-F-19 1009964 23/02/2023 23/02/2023 Folleto